[Event "Yerevan ol (Men)"]
[Site "Yerevan"]
[Date "1996.??.??"]
[Round "7"]
[White "Kupreichik, Viktor D"]
[Black "Braga, Cicero"]
[Result "1-0"]
[WhiteElo "2510"]
[BlackElo "2390"]

1.e4 c5 2.Nc3 Nc6 3.Nge2 g6 4.d4 cxd4 5.Nxd4 Bg7 6.Nb3 Nf6 7.Bg5 d6 8.Be2 O-O
9.O-O Be6 10.Re1 Rc8 11.Bf1 Ne5 12.Nd5 Bxd5 13.exd5 Nc4 14.Bxc4 Rxc4 15.Qd3 Rc7
16.c3 Qd7 17.Re2 Qg4 18.Bxf6 Bxf6 19.Re4 Qf5 20.Rae1 Rfc8 21.h3 a6 22.g4 Qd7
23.f4 Re8 24.Kg2 Rcc8 25.Qe2 Bh4 26.Rd1 Bf6 27.Rd3 Qb5 28.Rb4 Qd7 29.Re3 b5
30.Rbe4 Kf8 31.Kg3 Qb7 32.Rd3 Qb6 33.Qe3 Qxe3+ 34.Rdxe3 Rc7 35.g5 Bg7 36.Na5 Rc5
37.Rd3 Rec8 38.a3 R8c7 39.Kf3 h6 40.h4 hxg5 41.hxg5 Ke8 42.Ke2 Bf8 43.Kd2 Rc8
44.Nb7  1-0

[Event "Yerevan ol (Men)"]
[Site "Yerevan"]
[Date "1996.??.??"]
[Round "8"]
[White "Faulks, Nick"]
[Black "Battin, Richard"]
[Result "1-0"]
[WhiteElo "2040"]
[BlackElo "2130"]

1.e4 c5 2.Nc3 Nc6 3.Nf3 d6 4.d4 cxd4 5.Nxd4 Nf6 6.Bc4 e6 7.Be3 Be7 8.Qe2 O-O
9.O-O-O a6 10.Bb3 Na5 11.g4 Nxb3+ 12.axb3 e5 13.Nf5 b5 14.g5 Ne8 15.Rhg1 Be6
16.Rg3 g6 17.Qg4 Ng7 18.Nxe7+ Qxe7 19.Qh4 Rac8 20.Nd5 Bxd5 21.Rh3 h5 22.Rxd5 Rc6
23.f4 exf4 24.Qxf4 Rfc8 25.c3 Ne6 26.Qf6 Qxf6 27.gxf6 Kf8 28.Rg3 Ke8 29.Rg1 Nc5
30.Bxc5 dxc5 31.e5 Rd8 32.Rgd1 Rxd5 33.Rxd5 Rc8 34.Rd6 Ra8 35.Rc6 Kd7 36.Rxc5 Ra7
37.Kd2 Ke6 38.Ke3 Kf5 39.Kd4 Rd7+ 40.Rd5 Rc7 41.Rd8 h4 42.Kd5 g5 43.Kd6 Ra7
44.Kc6 Ke6 45.c4 bxc4 46.bxc4 a5 47.c5 g4 48.Kb6 Rd7 49.Rxd7 Kxd7 50.c6+  1-0

[Event "Yerevan ol (Men)"]
[Site "Yerevan"]
[Date "1996.??.??"]
[Round "8"]
[White "Iuldachev, Saidali"]
[Black "Spasov, Vasil"]
[Result "1/2-1/2"]
[WhiteElo "2515"]
[BlackElo "2575"]

1.e4 c5 2.Nf3 Nc6 3.Nc3 Nf6 4.Bb5 g6 5.Bxc6 dxc6 6.d3 Bg7 7.Be3 b6 8.h3 O-O
9.Qd2 a5 10.Bh6 a4 11.a3 Ne8 12.h4 Bxh6 13.Qxh6 f6 14.Qe3  1/2-1/2

[Event "Yerevan ol (Men)"]
[Site "Yerevan"]
[Date "1996.??.??"]
[Round "9"]
[White "Mamombe, Kudzanai"]
[Black "Faulks, Nick"]
[Result "0-1"]
[WhiteElo "2140"]
[BlackElo "2040"]

1.e4 c5 2.Nc3 Nc6 3.Nf3 a6 4.d4 cxd4 5.Nxd4 e6 6.Be3 Qc7 7.f4 d6 8.Be2 Nf6
9.O-O Be7 10.Qe1 O-O 11.Qg3 Bd7 12.Kh1 b5 13.a3 Na5 14.f5 Kh8 15.Qh3 Nc4
16.Bxc4 Qxc4 17.g4 e5 18.Nf3 Nxe4 19.Rad1 Nxc3 20.bxc3 Qxc3 21.Rd3 Qxc2 22.Ne1 Qc4
23.Qh5 Bc6+ 24.Kg1 Be4 25.Rd2 f6 26.Nf3 Qb3 27.Re2 Qf7 28.Qh4 Bd3 29.g5 Bxf5
30.Rg2 Bg6 31.gxf6 Bxf6 32.Qh3 Kg8 33.Ng5 Qb3 34.Ne6 Rf7 35.Rg3 Re8 36.Nxg7 Bxg7
37.Rxf7 Qxf7 38.Rf3 Qb7  0-1

[Event "Yerevan ol (Men)"]
[Site "Yerevan"]
[Date "1996.??.??"]
[Round "9"]
[White "Matikozian, Andranik"]
[Black "Pelikian, Jefferson"]
[Result "1-0"]
[WhiteElo "2300"]
[BlackElo "2370"]

1.e4 c5 2.Nc3 Nc6 3.Nf3 g6 4.Bc4 Bg7 5.O-O d6 6.Re1 a6 7.Bd5 Nd4 8.Nxd4 cxd4
9.Ne2 e6 10.Bb3 Ne7 11.d3 Nc6 12.Bf4 O-O 13.Qd2 Na5 14.Bh6 Nxb3 15.axb3 e5
16.Bxg7 Kxg7 17.Ng3 Be6 18.f4 f6 19.Rf1 Rc8 20.Rf2 Bg8 21.Raf1 Rf7 22.Qd1 Rfc7
23.h4 exf4 24.Rxf4 Rxc2 25.Qg4 Rxb2 26.Nf5+ Kh8 27.Nxd4 Rc7 28.Rxf6 Rc1 29.Kh2 Rxf1
30.Rxf1 Qe7 31.Nf3 Rxb3 32.d4 Re3 33.e5 Bd5 34.Rc1 Kg7 35.Qc8 Bc6 36.Kg1 Rxf3
37.gxf3 dxe5 38.d5 Qxh4 39.Qc7+ Kh6 40.Qxe5 Bd7 41.Rc7 Qa4 42.Kg2 Qb5 43.Rc1  1-0

[Event "Yerevan ol (Men)"]
[Site "Yerevan"]
[Date "1996.??.??"]
[Round "9"]
[White "Wang Zili"]
[Black "Urday, Henry"]
[Result "1/2-1/2"]
[WhiteElo "2535"]
[BlackElo "2450"]

1.e4 c5 2.Nc3 Nc6 3.Nge2 e5 4.Nd5 d6 5.Nec3 Nge7 6.Bc4 Nxd5 7.Nxd5 Ne7 8.Ne3 Be6
9.Bxe6 fxe6 10.d3 Qd7 11.a3 Nc6 12.Qg4 Qf7 13.O-O Be7 14.b4 cxb4 15.axb4 O-O
16.Rb1 b5 17.Bd2 Bd8 18.c3 Bb6 19.Qg3 Rad8 20.Kh1 d5 21.Ng4 Qg6 22.Be3 Bxe3
23.Nxe3 Qxg3 24.hxg3 d4 25.cxd4 Rxd4 26.Ng4 Nxb4 27.Nxe5 a5 28.f4 Rc8 29.g4 h6
30.Kh2 Kh7 31.f5 Rc5 32.Ng6 Rxd3 33.Nf4 Kg8 34.fxe6 Re5 35.Ng6 Rxe6 36.Nf4 Rxe4
37.Nxd3 Nxd3 38.Rxb5 Ne5 39.g5 hxg5 40.Rxa5 Kh7 41.Rf5 Ng4+ 42.Kh3 Nf6 43.Rxg5 Re7
44.Rge5 Rd7 45.Ra3 Rc7 46.Rae3 Rc4 47.Ra5 Kh6 48.Ra7 Rb4 49.Rg3 Nh5 50.Rg4 Rb3+
51.g3 Rc3 52.Rf7 Ra3 53.Rf8 Kh7 54.Rg5 g6 55.Kh4 Ra4+ 56.g4 Kg7 57.Rb8 Nf6
58.Rb7+ Kh6 59.Rb6 Kg7 60.Rb1 Kh6 61.Rg1 Ne4 62.Re5 g5+ 63.Kh3 Nf2+ 64.Kg3 Nxg4
65.Re6+ Kg7 66.Rf1 Nh6 67.Rff6 Ra3+ 68.Kg2 Ra2+ 69.Kf1 Nf7 70.Rg6+ Kh7 71.Rgf6 Kg7
72.Rf5 Ra1+ 73.Ke2 Ra2+ 74.Kd3 Ra3+ 75.Kc2 Ra7 76.Kb3 Rb7+ 77.Kc4 Rc7+ 78.Kb3 Rb7+
79.Kc4 Rc7+  1/2-1/2

[Event "Yerevan ol (Men)"]
[Site "Yerevan"]
[Date "1996.??.??"]
[Round "11"]
[White "Rytshagov, Mikhail"]
[Black "Spasov, Vasil"]
[Result "0-1"]
[WhiteElo "2495"]
[BlackElo "2575"]

1.e4 c5 2.Nf3 Nc6 3.Nc3 Nf6 4.Bb5 g6 5.e5 Ng4 6.Bxc6 dxc6 7.h3 Nh6 8.Ne4 b6
9.Qe2 Nf5 10.c3 Bg7 11.g4 Nh6 12.Nf6+ Kf8 13.Ne4 f5 14.exf6 exf6 15.d3 Nf7
16.Be3 f5 17.gxf5 Bxf5 18.O-O-O Qd5 19.c4 Qd7 20.Nfg5 Re8 21.h4 h6 22.Nxf7 Kxf7
23.Qf3 Rhf8 24.Ng3 Kg8 25.Nxf5 Rxf5 26.Qg2 Kh7 27.Rd2 Re6 28.h5 g5 29.Rhd1 Bd4
30.Qg4 Rxe3 31.fxe3 Bxe3 32.Kc2 Bxd2 33.Rxd2 Rf7 34.Qe4+ Qf5 35.Qxc6 Rd7
36.Kc1 g4 37.Qe4 Qxe4 38.dxe4 Rd4 39.Re2 Kg7 40.e5 g3 41.Rg2 Rg4 42.Kd2 Kf7
43.Ke3 Ke6 44.Kf3 Rg5 45.Rxg3 Rxg3+  0-1

[Event "Yerevan ol (Men)"]
[Site "Yerevan"]
[Date "1996.??.??"]
[Round "11"]
[White "Kaidanov, Grigory S"]
[Black "Salai, Ladislav"]
[Result "1-0"]
[WhiteElo "2580"]
[BlackElo "2440"]

1.e4 c5 2.Nf3 Nc6 3.Nc3 g6 4.d4 cxd4 5.Nxd4 Bg7 6.Nde2 d6 7.g3 Bg4 8.Bg2 Nd4
9.Qd3 Nxe2 10.Nxe2 Nf6 11.h3 Bd7 12.c4 O-O 13.Nc3 Rc8 14.Bd2 Qc7 15.b3 b5
16.Nxb5 Bxb5 17.cxb5 Nxe4 18.Rc1 Nc5 19.Qe2 Qd7 20.Be3 Qe6 21.Rc4 Rc7 22.Rc2 Rfc8
23.O-O d5 24.Rd1 Ne4 25.Rxc7 Rxc7 26.Bf4 Rc8 27.Bxe4 dxe4 28.Qe3 Ra8  1-0

[Event "Yerevan ol (Men)"]
[Site "Yerevan"]
[Date "1996.??.??"]
[Round "12"]
[White "Doghri, Nabil"]
[Black "Teplitsky, Yan"]
[Result "0-1"]
[WhiteElo "2350"]
[BlackElo "2450"]

1.e4 c5 2.Nc3 Nc6 3.Nf3 d6 4.d4 cxd4 5.Nxd4 Nf6 6.Bc4 Qb6 7.Ndb5 a6 8.Be3 Qa5
9.Nd4 e6 10.f3 Be7 11.Bb3 Qc7 12.Qe2 O-O 13.O-O-O Nd7 14.g4 Nc5 15.Rhg1 b5
16.g5 Bd7 17.Nxc6 Bxc6 18.Bd4 b4 19.Nb1 Nxb3+ 20.axb3 Rfc8 21.Bf6 Rf8 22.Rd4 Bb5
23.Qd1 gxf6 24.gxf6+ Kh8 25.f4 Bxf6 26.Rg4 Rg8 27.Rh4 Rg6  0-1

[Event "Yerevan ol (Men)"]
[Site "Yerevan"]
[Date "1996.??.??"]
[Round "13"]
[White "Berend, Fred"]
[Black "Michelakis, George"]
[Result "1/2-1/2"]
[WhiteElo "2425"]
[BlackElo "2410"]

1.e4 c5 2.Nc3 Nc6 3.Nge2 g6 4.d4 cxd4 5.Nxd4 Bg7 6.Be3 Nf6 7.Bc4 O-O 8.Bb3 d6
9.f3 Bd7 10.Qd2 Rc8 11.O-O-O Ne5 12.Bh6 Bxh6 13.Qxh6 Rxc3 14.bxc3 Qc7 15.h4 Qxc3
16.Kb1 a5 17.Ne2 Qb4 18.Rd4 Qb6 19.Ka1 a4 20.Bd5 e6 21.Qg5 Kg7 22.h5 h6 23.Qd2 exd5
24.hxg6 fxg6 25.Qxh6+ Kf7 26.exd5 Qc5 27.Qd2 Rc8 28.c4 Nxc4 29.Qf4 Bf5 30.Rc1 b5
31.g4 Re8 32.Nc3 Qa3 33.Rxc4 bxc4 34.gxf5 gxf5 35.Qd2 Rb8 36.Qc2 Rb3 37.f4 Rb8
38.Rh1 Rg8 39.Rc1 Qc5 40.Nxa4 Qd4+ 41.Qc3 Qxc3+ 42.Nxc3 Rg4 43.a4 Rxf4 44.a5 Rh4
45.Rb1 Rh8 46.Nb5 Nxd5 47.Nxd6+ Ke6 48.Nxc4 Rc8 49.Re1+ Kf6 50.Ne3 Nxe3 51.Rxe3 f4
52.Ra3 Kf5 53.Kb2 Kg4 54.Kb3 f3 55.Kb4 f2 56.Ra1 Kf3 57.a6 Kg2 58.Kb5 f1=Q+
59.Rxf1 Kxf1 60.Kb6  1/2-1/2

[Event "Yerevan ol (Women)"]
[Site "Yerevan"]
[Date "1996.??.??"]
[Round "13"]
[White "Safranska, Anda"]
[Black "Ptacnikova, Lenka"]
[Result "0-1"]
[WhiteElo "2270"]
[BlackElo "2210"]

1.e4 c5 2.Nf3 Nc6 3.Nc3 g6 4.d4 cxd4 5.Nxd4 Bg7 6.Be3 Nf6 7.Be2 O-O 8.Nb3 d6
9.O-O Be6 10.f4 Na5 11.f5 Bc4 12.e5 Bxe2 13.Qxe2 dxe5 14.Rad1 Qc7 15.Nxa5 Qxa5
16.g4 Rad8 17.g5 Nh5 18.Rxd8 Qxd8 19.Rd1 Qc8 20.Nd5 Re8 21.Rf1 Nf4 22.Bxf4 Qc5+
23.Be3 Qxd5 24.Qf2 a6 25.b3 b5 26.f6 exf6 27.gxf6 Bf8 28.Qh4 Rc8 29.Qf2 Qe4
30.c4 bxc4 31.Rc1 cxb3 32.Rxc8 Qg4+ 33.Kf1 Qxc8 34.axb3 Qc3 35.Kg2 Qxb3 36.Qd2 e4
37.Qd4 Qd3 38.Qa7 Qe2+ 39.Kg1 Qg4+ 40.Kf2 Qf3+ 41.Ke1 Bb4+  0-1

[Event "Yerevan ol (Men)"]
[Site "Yerevan"]
[Date "1996.??.??"]
[Round "14"]
[White "Sousa, Armindo"]
[Black "Montalvo, Alejandro"]
[Result "0-1"]
[WhiteElo "2230"]
[BlackElo "2250"]

1.e4 c5 2.Nf3 Nc6 3.Nc3 g6 4.d4 cxd4 5.Nxd4 Bg7 6.Be3 Nf6 7.Be2 O-O 8.Nb3 d6
9.O-O Be6 10.f4 Na5 11.Nxa5 Qxa5 12.Bf3 Rac8 13.Rf2 Rxc3 14.bxc3 Nxe4 15.Rf1 Qxc3
16.Qd3 Qxd3 17.cxd3 Bxa1 18.Rxa1 Nc3 19.Bxa7 Bd5 20.Bxd5 Nxd5 21.Rb1 b6 22.Rb2 Ra8
23.Bxb6 Nxf4 24.Be3 Nxd3 25.Rb3 Ne5 26.a3 f6 27.Kf1 Kf7 28.Ke2 d5 29.Bc5 Rc8
30.Rb5 Nd7 31.Bb4 Ke6 32.Kd1 h5 33.Ra5 Ne5 34.Ra6+ Nc6 35.Bd2 d4 36.a4 Kd5
37.Rb6 Rb8 38.Rxb8 Nxb8 39.Ke2 e5 40.Kf3 g5 41.Ba5 e4+ 42.Ke2 f5 43.h3 f4
44.Bd8 g4 45.hxg4 hxg4 46.Bc7 f3+ 47.gxf3 gxf3+ 48.Kf2 Na6 49.Bb6 Kc4  0-1

[Event "SVK-ch int (Women)"]
[Site "Ziar nad Hronom"]
[Date "1996.??.??"]
[Round "4"]
[White "Hagarova, Zuzana"]
[Black "Zvereva, Marija"]
[Result "0-1"]
[WhiteElo "2295"]
[BlackElo "2185"]

1.e4 c5 2.Nf3 Nc6 3.Nc3 e5 4.Bc4 g6 5.d3 h6 6.Be3 d6 7.h3 Bg7 8.Nd5 Nge7
9.c3 Be6 10.O-O O-O 11.d4 exd4 12.cxd4 Bxd5 13.Bxd5 Nxd5 14.exd5 cxd4 15.Nxd4 Ne5
16.Rc1 Qe7 17.Qd2 Kh7 18.Rc3 Rfc8 19.Rfc1 Qd8 20.b4 a6 21.Qc2 Rxc3 22.Qxc3 Qe7
23.Qc7 Re8 24.Qb6 Rd8 25.b5 axb5 26.Nxb5 Rd7 27.Rc8 Nd3 28.Nc7 Qe4 29.Qb5 Re7
30.Re8 Ne1 31.Kf1 Nxg2 32.Rxe7 Nxe3+ 33.fxe3 Qxe7 34.Qb6 Qe5 35.Ke2 Qe4 36.Kf2 Qh4+
37.Ke2 Qc4+ 38.Kf2 Qxa2+ 39.Kf3 Be5 40.Qxb7 Qc4 41.Kf2 Qc2+ 42.Kf3 Qd1+ 43.Kf2 Bc3
44.Ne6 Be1+ 45.Kf1 Bh4+  0-1

[Event "Weihnachts op"]
[Site "Zuerich"]
[Date "1996.??.??"]
[Round "6"]
[White "Huberty, Marc"]
[Black "Wildi, Marcel"]
[Result "0-1"]
[WhiteElo "2155"]
[BlackElo "2285"]

1.e4 c5 2.Nc3 Nc6 3.Nge2 d6 4.g3 g6 5.Bg2 Bg7 6.O-O e6 7.a3 Nge7 8.Rb1 b6
9.d3 Bb7 10.h3 O-O 11.f4 f5 12.b4 Nd4 13.Kh2 Nxe2 14.Nxe2 Qc7 15.Bb2 d5 16.e5 Rab8
17.c3 Rfc8 18.Qd2 Qd7 19.Ra1 Bc6 20.Rfc1 Rc7 21.Ng1 Bf8 22.Nf3 Nc8 23.g4 Ne7
24.Nh4 Bh6 25.gxf5 Nxf5 26.Nxf5 gxf5 27.Rg1 Kh8 28.Bh1 Rcc8 29.Qf2 Qe7 30.Rg3 Bb5
31.Bxd5 Rg8 32.Rxg8+ Rxg8 33.Bh1 Bxd3 34.bxc5 Qxc5 35.Qd2 Be2  0-1

[Event "Weihnachts op"]
[Site "Zuerich"]
[Date "1996.??.??"]
[Round "6"]
[White "Djuric, Stefan"]
[Black "Maeser, Fabian"]
[Result "1-0"]
[WhiteElo "2560"]
[BlackElo "2305"]

1.e4 c5 2.Nf3 Nc6 3.Nc3 e5 4.Nd5 d6 5.c3 Nf6 6.Nxf6+ Qxf6 7.Bc4 Be7 8.d3 h6
9.Be3 O-O 10.h3 Be6 11.O-O Qg6 12.Bxe6 fxe6 13.Nh2 Rf7 14.a3 Rd8 15.b4 d5
16.b5 Na5 17.Ng4 Bd6 18.Ra2 d4 19.Bd2 c4 20.cxd4 Nb3 21.Bb4 h5 22.Ne3 Bxb4
23.axb4 Nxd4 24.Nxc4 Qg5 25.Rxa7 Rf3 26.Qd2 Rf4 27.Kh1 Rdf8 28.Rxb7 Nf3 29.Qe3 Qh4
30.b6 Rg4 31.Rb8 Rxb8 32.Qxf3 Rf4 33.Qe3 Rbf8 34.Nxe5 Rxf2 35.Rxf2 Rxf2 36.Kh2 Rb2
37.Nc6 Qf6 38.b7 Qf1 39.b8=Q+ Kh7 40.Qeg3 Rb1 41.Qf3 Qg1+ 42.Kg3 Qe1+ 43.Kf4 Qd2+
44.Ke5  1-0

[Event "RUS-Cup4"]
[Site "Perm"]
[Date "1997.02.13"]
[Round "6"]
[White "Lastin, Alexander"]
[Black "Varavin, Viktor"]
[Result "1-0"]
[WhiteElo "2535"]
[BlackElo "2505"]

1.e4 c5 2.Nc3 Nc6 3.Nge2 e5 4.Nd5 d6 5.Nec3 Nge7 6.Bc4 Be6 7.O-O Ng6 8.d3 Nd4
9.a4 Rc8 10.Nb5 Nc6 11.g3 a6 12.Na3 Bh3 13.Re1 h5 14.c3 Bg4 15.f3 Be6 16.Nc2 h4
17.Qe2 hxg3 18.hxg3 Be7 19.Be3 Rh3 20.Qg2 Rh8 21.Kf2 Bh3 22.Qg1 f5 23.Ke2 fxe4
24.fxe4 Bg5 25.Kd2 Nd4 26.Rf1 Bxf1 27.Rxf1 b5 28.axb5 Bxe3+ 29.Ndxe3 Rf8
30.cxd4 Qa5+ 31.b4 cxb4 32.Ra1 Qd8 33.Rxa6 exd4 34.Nxd4 Ne5 35.Nef5 Rxc4
36.dxc4 Nxc4+ 37.Kc2 Qg5 38.Qf2 b3+ 39.Kxb3 Nd2+ 40.Kb4 Kd7 41.Ra7+ Kc8 42.Ra8+ Kb7
43.Rxf8 Nxe4 44.Qc2  1-0

[Event "RUS-Cup4"]
[Site "Perm"]
[Date "1997.02.13"]
[Round "6"]
[White "Balashov, Yuri S"]
[Black "Irzhanov, Ruslan"]
[Result "1/2-1/2"]
[WhiteElo "2510"]
[BlackElo "2550"]

1.e4 c5 2.Nc3 Nc6 3.Bb5 g6 4.Bxc6 dxc6 5.d3 e5 6.Be3 Qe7 7.Nge2 Nf6 8.h3 Bg7
9.Qd2 O-O 10.Bh6 b5 11.Bxg7 Kxg7 12.Qe3 c4 13.dxc4 bxc4 14.O-O Be6 15.f4 exf4
16.Nxf4 Rfe8 17.Rae1 Qc7 18.Qd4 Qb6 19.Qxb6 axb6 20.Rf2 Nd7 21.Rd2 Ne5 22.Rb1 Kf6
23.a3 Ke7 24.Kf2 h5 25.Nfe2 b5 26.Nd4 Reb8 27.Re1 Kf6 28.Kg3 b4 29.axb4 Rxb4
30.Rf2+ Kg7 31.Nxe6+ fxe6 32.Nd1 Ra1 33.Kf4 Rb1 34.Ref1 g5+ 35.Ke3 c5 36.Kd2 Rb7
37.Kc3 Rc1 38.Kd2 Rb1 39.Kc3 Rc1  1/2-1/2

[Event "St Petersburg-ch"]
[Site "St Petersburg"]
[Date "1997.03.14"]
[Round "9"]
[White "Malofeev, Alex"]
[Black "Karasev, Vladimir I"]
[Result "0-1"]
[WhiteElo "2265"]
[BlackElo "2365"]

1.e4 c5 2.Nf3 Nc6 3.Nc3 e5 4.Bc4 d6 5.d3 Be7 6.Ng5 Bxg5 7.Qh5 Be7 8.Qxf7+ Kd7
9.Qxg7 Nf6 10.Bg5 Qf8 11.Bh6 Nd4 12.O-O Qxg7 13.Bxg7 Rd8 14.f4 Nh5 15.f5 Nxg7
16.f6 Nge6 17.fxe7 Re8 18.Nd5 Rxe7 19.Nxe7 Kxe7 20.c3 Nc2 21.Rac1 Ne3 22.Bxe6 Bxe6
23.Rf3 Ng4 24.Rcf1 b5 25.b3 a5 26.Rg3 a4 27.h3 Nf6 28.Rg7+ Bf7 29.bxa4 bxa4
30.c4 h6 31.Rb1 Ra7 32.Rg3 Nh5 33.Re3 Nf4 34.Rb8 Be8 35.Kh2 a3 36.Rg3 Bf7
37.Rh8 h5 38.Rb8 h4 39.Rf3 Bh5 40.Re3 Be2 41.g3 hxg3+ 42.Rxg3 Kf6 43.Rb6 Ke6
44.Rb3 Bd1 45.Rb8 Bc2 46.Rh8 Rf7 47.h4 Bxd3 48.h5 Bxe4 49.Rxa3 Rb7 50.Rb3 Ra7
51.Rb2 Ra3 52.Rh6+ Kf5 53.Rb8 Rxa2+ 54.Kg1 Rg2+ 55.Kf1 Bd3+ 56.Ke1 Re2+ 57.Kd1 Bc2+  0-1

[Event "Enghien Les Bains"]
[Site "Enghien Les Bains"]
[Date "1997.03.22"]
[Round "9"]
[White "Chabanon, Jean Luc"]
[Black "Fontaine, Robert"]
[Result "1/2-1/2"]
[WhiteElo "2435"]
[BlackElo "2320"]

1.e4 c5 2.Nc3 Nc6 3.Nf3 d6 4.d4 cxd4 5.Nxd4 Nf6 6.Be2 g6 7.Nxc6 bxc6 8.Bg5 Bg7
9.O-O O-O 10.Qd3 a5 11.Rad1 h6 12.Be3 Ba6 13.Qd2 Bxe2 14.Qxe2 Nd7 15.Na4 Qb8
16.b3 Qb7 17.f4 c5 18.e5 dxe5 19.f5 gxf5 20.Rxf5 Qe4 21.Qd3 Qxd3 22.Rxd3 Rfd8
23.Nxc5 Nxc5 24.Bxc5 e6 25.Rf1 e4 26.Rg3 Rd7 27.Be3 Kh7 28.Rh3 Kg6  1/2-1/2

[Event "Cologne op"]
[Site "Cologne"]
[Date "1997.04.04"]
[Round "7"]
[White "Kupreichik, Viktor D"]
[Black "Hubert, Ralf"]
[Result "1-0"]
[WhiteElo "2500"]
[BlackElo "2355"]

1.e4 c5 2.Nc3 Nc6 3.Nf3 g6 4.d4 cxd4 5.Nxd4 Bg7 6.Be3 Nf6 7.Be2 O-O 8.O-O d6
9.Kh1 d5 10.exd5 Nxd5 11.Nxd5 Qxd5 12.c4 Qe5 13.Nxc6 bxc6 14.Bf3 Bf5 15.Bxc6 Rac8
16.Qa4 Qxb2 17.Rac1 Rfd8 18.Bf3 Bd4 19.c5 Bxe3 20.fxe3 Rd2 21.Qxa7 e5 22.Qe7 Qb5
23.Qxe5 Rc2 24.Rfd1 Qc4 25.Rxc2 Bxc2 26.Bd5 Qb5 27.Qf6 Qd7 28.c6 Qe8 29.Rc1 Be4
30.Bxe4 Qxe4 31.c7 Qxe3 32.Rd1  1-0

[Event "FRA-chT9697 final"]
[Site "Clichy"]
[Date "1997.05.01"]
[Round "8"]
[White "Berend, Fred"]
[Black "Gachon, Lionel"]
[Result "0-1"]
[WhiteElo "2400"]
[BlackElo "2275"]

1.e4 c5 2.Nc3 Nc6 3.Nf3 g6 4.d4 cxd4 5.Nxd4 Bg7 6.Be3 d6 7.Qd2 Nf6 8.O-O-O Ng4
9.Nxc6 bxc6 10.Bg5 h6 11.Bf4 Qb6 12.h3 Rb8 13.b3 Qc5 14.Na4 Qa3+ 15.Kb1 Nxf2
16.Qxf2 Qxa4 17.Bd3 Be6 18.e5 dxe5 19.Bc1 e4 20.Qf4 Rb4 21.Bb2 Bxb2 22.Bxe4 Bc3
23.Qf3 Qxa2+  0-1

[Event "Aruna"]
[Site "Copenhagen"]
[Date "1997.05.04"]
[Round "3"]
[White "Fuglsang, Flemming"]
[Black "Petursson, Margeir"]
[Result "0-1"]
[WhiteElo "2275"]
[BlackElo "2565"]

1.e4 c5 2.Nf3 Nc6 3.Nc3 g6 4.d4 cxd4 5.Nxd4 Bg7 6.Nb3 Nf6 7.Be2 O-O 8.O-O d6
9.Be3 Be6 10.f4 Rc8 11.f5 Bd7 12.g4 Ne5 13.g5 Rxc3 14.bxc3 Nxe4 15.fxg6 hxg6
16.Qe1 Nxc3 17.Bd4 Nxe2+ 18.Qxe2 Qc8 19.Rf4 Bc6 20.Qf1 Nf3+ 21.Kf2 Nxd4 22.Nxd4 Bd5
23.Qb5 Bxd4+ 24.Rxd4 Qf5+  0-1

[Event "Capablanca 32th Elite"]
[Site "Cienfuegos"]
[Date "1997.05.14"]
[Round "7"]
[White "Hernandez, Gilberto"]
[Black "Becerra Rivero, Julio"]
[Result "1/2-1/2"]
[WhiteElo "2540"]
[BlackElo "2510"]

1.e4 c5 2.Nc3 Nc6 3.Nf3 d6 4.d4 cxd4 5.Nxd4 Nf6 6.g3 g6 7.Nde2 Bg7 8.Bg2 O-O
9.O-O Rb8 10.a4 a6 11.Bg5 h6 12.Be3 Ng4 13.Bc1 b5 14.h3 b4 15.Nd5 Nge5 16.Rb1 Nc4
17.b3 Nb6 18.Be3 Nd7 19.Qd2 e6 20.Ndf4 Nf6 21.g4 Qc7 22.Rbd1 Rd8 23.Ng3 Kh7
24.Rfe1 Bb7 25.Qe2 Rbc8 26.Rd2 d5 27.exd5 Nxd5 28.Nxd5 exd5 29.Rxd5 Nd4 30.Bxd4 Bxd5
31.Bxg7 Kxg7 32.Qxa6 Bxg2 33.Kxg2 Qxc2 34.Re3 Qc6+ 35.Qxc6 Rxc6 36.Re4 Rb6
37.Re3 Rd2 38.Ne4 Rb2 39.h4 f6 40.Rd3 Rb7 41.Rd4 Rc2 42.Nd6 Rb8 43.Nb5 Rb2
44.Rxb4 Rb7 45.Kf3 Rb8 46.Kg3 Rb1 47.Kg2 Rb2 48.Kf3 Rb1 49.Kg2  1/2-1/2

[Event "Politiken Cup"]
[Site "Copenhagen"]
[Date "1997.07.15"]
[Round "10"]
[White "Rasmussen, Per Arnt"]
[Black "Nilsson, Nils Specht"]
[Result "1-0"]
[WhiteElo "2075"]
[BlackElo "2225"]

1.e4 c5 2.Nc3 Nc6 3.Nge2 g6 4.d4 cxd4 5.Nxd4 Bg7 6.Nb3 a6 7.Be2 e6 8.Be3 Nge7
9.Qd2 O-O 10.h4 d5 11.O-O-O dxe4 12.Nxe4 Nf5 13.Qxd8 Rxd8 14.Rxd8+ Nxd8 15.Bg5 Nc6
16.Nf6+ Bxf6 17.Bxf6 Ng7 18.Rd1 Ne8 19.Bc3 Kf8 20.Bf3 Ke7 21.Na5 Bd7 22.Nxb7 Nc7
23.Na5 Nd5 24.Bxd5 exd5 25.Rxd5 Ke6 26.Rd1 Nxa5 27.Re1+ Kf5 28.Re5+ Kg4 29.Rg5+ Kxh4
30.Bf6 h6 31.Rd5+ Kg4 32.Rxd7 Re8 33.Bc3 Nc6 34.Rxf7 Re6 35.Rf6 Rxf6 36.Bxf6 Kf5
37.Bc3 g5 38.b4 h5 39.a4 h4 40.b5 axb5 41.axb5 Ne7 42.f3 Nd5 43.Bd2 Nb6 44.Be3 Nc4
45.b6 Nd6 46.c4 Nxc4 47.b7 Nxe3 48.b8=Q Nxg2 49.Qf8+ Kg6 50.Qd6+ Kh5 51.Qh2 Nf4
52.Kd2 Nd5 53.Kd3 Nf4+ 54.Ke4 Ng6 55.Kf5 Ne7+ 56.Kf6 Ng8+ 57.Kg7 Nh6 58.Qc7  1-0

[Event "Canadian op"]
[Site "Winnipeg"]
[Date "1997.07.16"]
[Round "6"]
[White "Huber, Gregory"]
[Black "Yoos, John C"]
[Result "1-0"]
[WhiteElo "2260"]
[BlackElo "2365"]

1.e4 c5 2.Nc3 Nc6 3.Nge2 g6 4.d4 cxd4 5.Nxd4 Bg7 6.Nde2 Nf6 7.g3 d6 8.Bg2 Bd7
9.O-O Qc8 10.Nf4 h5 11.h4 O-O 12.a4 Re8 13.Ncd5 Ng4 14.c3 Na5 15.Ne2 Be6
16.Ra2 Qc4 17.Ra3 Bxd5 18.exd5 Qc7 19.Bf4 a6 20.Qc2 Rac8 21.Bh3 Nc4 22.Ra2 Nb6
23.Rd1 Nxd5 24.Rxd5 Qc4 25.Rd1 Qxa2 26.f3 Ne5 27.Bxe5 Bxe5 28.f4 Bf6 29.Bxc8 Rxc8
30.f5 Kg7 31.fxg6 fxg6 32.Nf4 Qf7 33.Re1 e5 34.Nh3 Qc4 35.Kh2 Qg4 36.Qd3 Rd8
37.Qd5 Qd7 38.Rf1 Re8 39.Rd1 Rd8 40.Rf1 Re8 41.Rd1 Re6 42.Nf2 e4 43.Nxe4 Re5
44.Qg8+  1-0

[Event "Wch U20 Girls"]
[Site "Zagan"]
[Date "1997.07.17"]
[Round "4"]
[White "Kucypera, Anna"]
[Black "Aksiuczyc, Monika"]
[Result "0-1"]
[WhiteElo "2050"]
[BlackElo "2180"]

1.e4 c5 2.Nf3 Nc6 3.Nc3 e5 4.Bc4 Be7 5.d3 d6 6.O-O Bg4 7.Be3 Nf6 8.Nd5 O-O
9.c3 Rb8 10.a4 a6 11.Nxe7+ Nxe7 12.a5 Rc8 13.Qe1 Bxf3 14.gxf3 d5 15.exd5 Nfxd5
16.Kh1 Ng6 17.Rg1 Ndf4 18.Bxf4 exf4 19.Qe4 Qh4 20.Rg2 Rc7 21.d4 cxd4 22.Qxd4 Rd8
23.Bd5 Qe7 24.c4 Kf8 25.b3 f6 26.Qe4 Qxe4 27.fxe4 f3 28.Rg3 Ne5 29.Rh3 g5
30.Ra4 g4 31.Rh4 Rg7 32.Rh6 Ke7 33.Rb4 b5 34.axb6 Nd3 35.Ra4 Nxf2+ 36.Kg1 Nh3+
37.Kf1 g3 38.hxg3 Rxg3 39.Rxh7+ Kd6 40.Rxh3 Rxh3 41.Rxa6 Ke5 42.b4 Kf4 43.Ra3 Rdh8
44.Kf2 Rh2+  0-1

[Event "RUS-Cup10"]
[Site "Tomsk"]
[Date "1997.07.21"]
[Round "1"]
[White "Purtov, Andrei"]
[Black "Kuznetsov, Oleg Y"]
[Result "1-0"]
[WhiteElo "2455"]
[BlackElo "2170"]

1.e4 c5 2.Nc3 Nc6 3.Nge2 Nf6 4.g3 g6 5.Bg2 Bg7 6.O-O d6 7.d3 Bd7 8.Be3 O-O
9.Qd2 Rb8 10.Bh6 b5 11.Bxg7 Kxg7 12.f4 e6 13.g4 Ng8 14.g5 Qb6 15.Kh1 Nge7
16.Nd1 e5 17.Ne3 f6 18.gxf6+ Rxf6 19.f5 gxf5 20.exf5 Rbf8 21.Ng3 Kh8 22.Ne4 R6f7
23.Nxd6 Rf6 24.Ne4 R6f7 25.f6 Ng6 26.Nd5 Qd8 27.Ng5  1-0

[Event "Komercni Banka op"]
[Site "Pardubice"]
[Date "1997.07.22"]
[Round "6"]
[White "Istratescu, Andrei"]
[Black "Chernyshov, Konstantin"]
[Result "1-0"]
[WhiteElo "2550"]
[BlackElo "2445"]

1.e4 c5 2.Nf3 Nc6 3.Nc3 Nf6 4.Bb5 Qc7 5.O-O e6 6.Re1 Be7 7.e5 Ng4 8.Bxc6 bxc6
9.d4 f5 10.h3 Nh6 11.Bg5 Bf8 12.Be3 Rb8 13.dxc5 Nf7 14.Rb1 Be7 15.b4 O-O
16.Qd2 a5 17.a3 axb4 18.axb4 Ra8 19.Bd4 Ba6 20.Na4 Be2 21.Nb6 Bxf3 22.Nxa8 Rxa8
23.gxf3 Qd8 24.f4 g5 25.Be3 Kh8 26.Kh2 g4 27.Ra1 Rxa1 28.Rxa1 Bh4 29.f3 h5
30.c4 Qb8 31.Rg1 Qb7 32.fxg4 fxg4 33.hxg4 Nh6 34.Kh1 Qa6 35.gxh5 Qc8 36.Qg2 Qf8
37.Bf2 Be7 38.b5 Nf5 39.b6  1-0

[Event "Wch U20"]
[Site "Zagan"]
[Date "1997.07.22"]
[Round "8"]
[White "De Wachter, Matthias"]
[Black "Kucumenler, Tarkan"]
[Result "1-0"]
[WhiteElo "2175"]
[BlackElo "2035"]

1.e4 c5 2.Nc3 Nc6 3.Nf3 e6 4.Bb5 Nge7 5.O-O a6 6.Bxc6 Nxc6 7.d4 cxd4 8.Nxd4 Be7
9.Nxc6 dxc6 10.Qg4 O-O 11.Bh6 Bf6 12.Qg3 e5 13.Rfd1 Qe7 14.a4 Kh8 15.Bc1 Be6
16.b3 Rfd8 17.Ba3 Rxd1+ 18.Nxd1 Qc7 19.Nb2 Rd8 20.Nd3 Re8 21.Bb2 Bc8 22.a5 Kg8
23.h4 h5 24.Bc3 Qe7 25.Qh2 g6 26.Bb4 Qd8 27.Bc3 Qe7 28.Rd1 Bxh4 29.Bxe5 Bf6
30.Bxf6 Qxf6 31.Qc7 Kg7 32.Nc5 Qc3 33.Nxb7 Bxb7 34.Qxb7 Qxc2 35.Rf1 Qe2 36.Qxc6 Rxe4
37.Qc3+ Kh7 38.Rc1 Qb5 39.Qf6 Qxb3 40.Rc8  1-0

[Event "Komercni Banka op"]
[Site "Pardubice"]
[Date "1997.07.23"]
[Round "7"]
[White "Onoprienko, Vladimir"]
[Black "Voloshin, Leonid"]
[Result "1-0"]
[WhiteElo "2310"]
[BlackElo "2450"]

1.e4 c5 2.Nc3 Nc6 3.Nf3 a6 4.d4 cxd4 5.Nxd4 e6 6.Nxc6 bxc6 7.Bd3 Qc7 8.O-O Nf6
9.Qe2 Bd6 10.Kh1 h5 11.f4 e5 12.f5 Bc5 13.Na4 Ba7 14.c4 Bd4 15.c5 a5 16.Rb1 d5
17.cxd6 Qxd6 18.b3 h4 19.Be3 Nh5 20.Rf3 Bb7 21.Nb2 c5 22.Nc4 Qf6 23.Rh3 Bxe3
24.Qxe3 Nf4 25.Qxc5 Nxh3 26.Nd6+ Kf8 27.Nxb7+ Qe7 28.gxh3 Qxc5 29.Nxc5 Ke7
30.Bc4 Rhd8 31.Bd5 Ra7 32.a3 Rc8 33.b4 axb4 34.axb4 Ra3 35.Kg2 Rc3 36.Ra1 Rc7
37.Ra2 Kf6 38.Nb3 Rc8 39.Rb2 Rb8 40.Na5 g6 41.fxg6 Kxg6 42.Nc6 Rb6 43.Nxe5+ Kg7
44.Bxf7 Rb5 45.Bd5 Kf6 46.Nf3 Rc8 47.Nd4 Rb6 48.b5 Ke5 49.Nc6+ Kd6 50.e5+ Kc5
51.Rc2+ Kxd5 52.Nb4+ Kxe5 53.Rxc8 Rxb5 54.Nd3+ Ke4 55.Rc5 Rb8 56.Nf2+ Ke3
57.Re5+ Kf4  1-0